| 000 -LEADER |
| fixed length control field |
01615cam a22003257a 4500 |
| 001 - CONTROL NUMBER |
| control field |
13083946 |
| 003 - CONTROL NUMBER IDENTIFIER |
| control field |
NUST |
| 005 - DATE AND TIME OF LATEST TRANSACTION |
| control field |
20221019122456.0 |
| 008 - FIXED-LENGTH DATA ELEMENTS--GENERAL INFORMATION |
| fixed length control field |
030205s2003 xxua 001 0 eng d |
| 010 ## - LIBRARY OF CONGRESS CONTROL NUMBER |
| LC control number |
2003101869 |
| 015 ## - NATIONAL BIBLIOGRAPHY NUMBER |
| National bibliography number |
GBA3-X7247 |
| 016 7# - NATIONAL BIBLIOGRAPHIC AGENCY CONTROL NUMBER |
| Record control number |
0764537105 |
| Source |
Uk |
| 020 ## - INTERNATIONAL STANDARD BOOK NUMBER |
| International Standard Book Number |
0764537105 (pbk.) : |
| Terms of availability |
£24.50 |
| 040 ## - CATALOGING SOURCE |
| Original cataloging agency |
StDuBDS |
| Transcribing agency |
StDuBDS |
| Modifying agency |
Uk |
| -- |
CStRLIN |
| -- |
DLC |
| 042 ## - AUTHENTICATION CODE |
| Authentication code |
lccopycat |
| 050 00 - LIBRARY OF CONGRESS CALL NUMBER |
| Classification number |
QA76.9.A25 |
| Item number |
M436 2003 |
| 082 00 - DEWEY DECIMAL CLASSIFICATION NUMBER |
| Classification number |
005.8,MCN |
| Edition number |
22 |
| 100 1# - MAIN ENTRY--PERSONAL NAME |
| Personal name |
McNamara, Joel. |
| 9 (RLIN) |
100792 |
| 245 10 - TITLE STATEMENT |
| Title |
Secrets of computer espionage : |
| Remainder of title |
tactics and countermeasures / |
| Statement of responsibility, etc. |
Joel McNamara. |
| 260 ## - PUBLICATION, DISTRIBUTION, ETC. |
| Place of publication, distribution, etc. |
New York : |
| Name of publisher, distributor, etc. |
Wiley, |
| Date of publication, distribution, etc. |
2003. |
| 300 ## - PHYSICAL DESCRIPTION |
| Extent |
xxi, 362 p. : |
| Other physical details |
ill. ; |
| Dimensions |
24 cm. |
| 505 ## - FORMATTED CONTENTS NOTE |
| Formatted contents note |
Apies (Page-1), Spying and the Law (Page-25), Black Bag Jobs (Page-47), Breaching the System (Page-67), Searching for Evidence (Page-95), Unprotected Data (Page-135), Copying Data (Page-163), Snooping with Kay loggers (Page-177), Spying with Trojan Horses (Page-205), Network Eavesdropping (Page-227), 802.11 b Wireless Network Eavesdropping (Page-259), Spying on Electronic Devices (Pages-289), Advanced Computer Espionage (Page-313). |
| 650 #0 - SUBJECT ADDED ENTRY--TOPICAL TERM |
| Topical term or geographic name entry element |
Computer security. |
| 9 (RLIN) |
570 |
| 650 #0 - SUBJECT ADDED ENTRY--TOPICAL TERM |
| Topical term or geographic name entry element |
Computer networks |
| General subdivision |
Security measures. |
| 9 (RLIN) |
466 |
| 650 #0 - SUBJECT ADDED ENTRY--TOPICAL TERM |
| Topical term or geographic name entry element |
Electronic surveillance. |
| 9 (RLIN) |
100793 |
| 856 42 - ELECTRONIC LOCATION AND ACCESS |
| Materials specified |
Contributor biographical information |
| Uniform Resource Identifier |
<a href="http://www.loc.gov/catdir/bios/wiley046/2003101869.html">http://www.loc.gov/catdir/bios/wiley046/2003101869.html</a> |
| 856 41 - ELECTRONIC LOCATION AND ACCESS |
| Materials specified |
Table of contents |
| Uniform Resource Identifier |
<a href="http://www.loc.gov/catdir/toc/wiley041/2003101869.html">http://www.loc.gov/catdir/toc/wiley041/2003101869.html</a> |
| 856 42 - ELECTRONIC LOCATION AND ACCESS |
| Materials specified |
Publisher description |
| Uniform Resource Identifier |
<a href="http://www.loc.gov/catdir/description/wiley0310/2003101869.html">http://www.loc.gov/catdir/description/wiley0310/2003101869.html</a> |
| 942 ## - ADDED ENTRY ELEMENTS (KOHA) |
| Source of classification or shelving scheme |
|
| Koha item type |
Book |
| Call number prefix |
005.8,MCN |